|
|
|
|
| LEADER |
00000nam0a2200000 4500 |
| 001 |
132105 |
| 005 |
20231101220338.0 |
| 035 |
|
|
|a (RuTPU)RU\TPU\book\143045
|
| 090 |
|
|
|a 132105
|
| 100 |
|
|
|a 20080227g1980 m y0rusy50 ca
|
| 101 |
0 |
|
|a rus
|
| 102 |
|
|
|a RU
|
| 105 |
|
|
|a a j 000zd
|
| 200 |
1 |
|
|a Музыкальная литература зарубежных стран
|e учебное пособие для музыкальных училищ
|h Вып. V
|h Французская музыкальная культура второй половины XIX века
|
| 210 |
|
|
|a Москва
|c Музыка
|d 1980
|
| 215 |
|
|
|a 391 с.
|c ноты
|
| 320 |
|
|
|9 572
|a Библиография в ссылках
|
| 600 |
|
1 |
|a Бизе
|b Ж.
|c французский композитор
|f 1838-1875
|g Жорж
|2 stltpush
|3 (RuTPU)RU\TPU\pers\12619
|9 3578
|
| 600 |
|
1 |
|a Сметана
|b Б.
|c чешский композитор
|f 1824-1884
|g Бедржих
|2 stltpush
|3 (RuTPU)RU\TPU\pers\33396
|9 17090
|
| 600 |
|
1 |
|a Дворжак
|b А.
|c чешский композитор
|f 1841-1904
|g Антонин
|2 stltpush
|3 (RuTPU)RU\TPU\pers\46828
|
| 600 |
|
1 |
|a Григ
|g Эдвард
|f 1843-1907
|c норвежский композитор
|c пианист
|c дирижер
|b Э.
|2 stltpush
|3 (RuTPU)RU\TPU\pers\834
|
| 600 |
|
1 |
|a Дебюсси
|b К. А.
|c французский композитор
|f 1862-1918
|g Клод Ашиль
|2 stltpush
|3 (RuTPU)RU\TPU\pers\14650
|9 4869
|
| 600 |
|
1 |
|a Равель
|b М.
|c французский композитор
|f 1875-1937
|g Морис
|2 stltpush
|3 (RuTPU)RU\TPU\pers\32066
|9 16112
|
| 606 |
1 |
|
|a Музыка
|2 stltpush
|3 (RuTPU)RU\TPU\subj\73462
|9 86458
|
| 610 |
1 |
|
|a музыкальная литература
|
| 610 |
1 |
|
|a музыкальные деятели
|
| 610 |
1 |
|
|a музыкальные жанры
|
| 610 |
1 |
|
|a музыкальная деятельность
|
| 610 |
1 |
|
|a музыкальная культура
|
| 610 |
1 |
|
|a история
|
| 610 |
1 |
|
|a зарубежные страны
|
| 610 |
1 |
|
|a Франция
|
| 610 |
1 |
|
|a 19 век
|
| 610 |
1 |
|
|a учебные пособия
|
| 675 |
|
|
|a 78(075.3)
|v 3
|
| 702 |
|
1 |
|a Левик
|b Б.
|4 340
|
| 801 |
|
1 |
|a RU
|b 63413507
|c 20080204
|g PSBO
|
| 801 |
|
2 |
|a RU
|b 63413507
|c 20210426
|g PSBO
|
| 942 |
|
|
|c BK
|